[Event "20th European Teams Women"]
[Site "Reykjavik ISL"]
[Date "2015.11.21"]
[Round "8.14"]
[Board "2"]
[White "Morozova, Iuliia"]
[Black "Bengtsson, Jessica"]
[Result "1/2-1/2"]
[WhiteTitle "WFM"]
[WhiteElo "1995"]
[BlackElo "2040"]
[WhiteTeam "Belgium"]
[BlackTeam "Sweden"]
[WhiteFideId "14104946"]
[BlackFideId "1711083"]
[EventDate "2015.11.13"]

1. d4 Nf6 2. Nf3 d5 3. e3 Bf5 4. c4 e6 5. Qb3 Nc6 6. c5 Rb8 7. Bb5 Nd7 8. O-O
Be7 9. Nc3 O-O 10. Re1 Bf6 11. h3 h6 12. Qd1 Nb4 13. Re2 c6 14. Ba4 e5 15. a3
Nd3 16. b4 Qc7 17. Bc2 Nxc1 18. Qxc1 Bxc2 19. Qxc2 Rfe8 20. a4 Re7 21. b5 Rbe8
22. g3 exd4 23. exd4 Rxe2 24. Nxe2 Nf8 25. Nf4 Re4 26. Rd1 Ne6 27. Nxe6 Rxe6 28.
Qd2 Re4 29. Re1 Qe7 30. Kf1 Qe6 31. g4 h5 32. Rxe4 dxe4 33. Ne1 hxg4 34. hxg4
Qc4+ 35. Kg2 Qxd4 36. Qf4 Qxa4 37. Qf5 Qxb5 38. Qc8+ Kh7 39. Qf5+ Kg8 40. Qc8+
Kh7 41. Qf5+ Kg8 1/2-1/2

[Event "20th European Teams Women"]
[Site "Reykjavik ISL"]
[Date "2015.11.21"]
[Round "8.14"]
[Board "3"]
[White "Horn, Emilia"]
[Black "Barbier, Wiebke"]
[Result "1-0"]
[WhiteTitle "WFM"]
[WhiteElo "1981"]
[BlackElo "1980"]
[WhiteTeam "Sweden"]
[BlackTeam "Belgium"]
[WhiteFideId "1705385"]
[BlackFideId "207977"]
[EventDate "2015.11.13"]

1. e4 d6 2. d4 Nf6 3. Nc3 e5 4. Nf3 Nbd7 5. Bc4 Be7 6. O-O O-O 7. a4 c6 8. Re1
b6 9. Ba2 Qc7 10. h3 a6 11. Bg5 h6 12. Be3 Re8 13. d5 c5 14. Nh2 Rb8 15. Bc4 Nf8
16. b3 Ng6 17. Qf3 Qd7 18. Qe2 Ra8 19. Qf3 Rf8 20. Bd3 Nh7 21. Qd1 Bg5 22. Bxg5
Nxg5 23. Ne2 Qe7 24. Ng3 Nf4 25. Bf1 f5 26. exf5 Bxf5 27. Nxf5 Rxf5 28. Re3 Kh8
29. h4 Nh7 30. g3 Ng6 31. Bd3 Rff8 32. Qg4 e4 33. Qxg6 Nf6 34. Bxe4 Nxe4 35.
Rxe4 Qd7 36. Rae1 Rf7 37. Ng4 Raf8 38. R1e2 b5 39. Qe6 Qc7 40. axb5 axb5 41. Qg6
c4 42. bxc4 bxc4 43. Re8 c3 44. R2e6 Qa7 45. Rxf8+ Rxf8 46. Rxd6 Qd4 47. Rd7 Ra8
48. Nxh6 Rf8 49. Nf5 1-0

[Event "20th European Teams Women"]
[Site "Reykjavik ISL"]
[Date "2015.11.21"]
[Round "8.14"]
[Board "4"]
[White "Barbier, Astrid"]
[Black "Fransson, Angelina"]
[Result "0-1"]
[WhiteElo "1819"]
[BlackElo "1980"]
[WhiteTeam "Belgium"]
[BlackTeam "Sweden"]
[WhiteFideId "200395"]
[BlackFideId "1712632"]
[EventDate "2015.11.13"]

1. e4 c5 2. Nc3 e6 3. Nge2 d6 4. g3 Nc6 5. Bg2 g6 6. O-O Bg7 7. d3 Nge7 8. Rb1
O-O 9. Be3 e5 10. Qd2 Nd4 11. Nd5 Nxd5 12. exd5 Nf5 13. c4 Nxe3 14. Qxe3 Bd7 15.
a3 b6 16. b4 Rb8 17. h3 f5 18. f4 exf4 19. Qxf4 Be5 20. Qd2 Qf6 21. Rf3 Qg7 22.
Rbf1 g5 23. Qe1 Bb2 24. a4 Rbe8 25. Qd2 Rxe2 26. Qxe2 Re8 27. Qd1 g4 28. hxg4
Bd4+ 29. R3f2 fxg4 30. Qd2 Be3 31. Qd1 cxb4 32. Re1 Bxf2+ 33. Kxf2 Qd4+ 34. Kf1
Rf8+ 0-1

[Event "20th European Teams Women"]
[Site "Reykjavik ISL"]
[Date "2015.11.21"]
[Round "8.15"]
[Board "1"]
[White "Haast, Anne"]
[Black "Unuk, Laura"]
[Result "1/2-1/2"]
[WhiteTitle "WGM"]
[BlackTitle "WIM"]
[WhiteElo "2365"]
[BlackElo "2297"]
[WhiteTeam "Netherlands"]
[BlackTeam "Slovenia"]
[WhiteFideId "1017292"]
[BlackFideId "14609215"]
[EventDate "2015.11.13"]

1. e4 e6 2. d4 d5 3. Nd2 c5 4. Ngf3 cxd4 5. Nxd4 Nf6 6. exd5 Nxd5 7. N2f3 Be7 8.
g3 O-O 9. Bg2 Bf6 10. O-O e5 11. Nb3 Nb4 12. Qxd8 Rxd8 13. Bg5 N8c6 14. Bxf6
gxf6 15. Rfc1 Be6 16. Nc5 b6 17. Nxe6 fxe6 18. a3 Nd5 19. Rd1 Nde7 20. Nd2 Kg7
21. Kf1 Rac8 22. c3 f5 23. Ke2 Nd5 24. Nf1 Kf6 25. Ne3 Nxe3 26. Kxe3 Na5 27.
Rxd8 Rxd8 28. Bf1 Nb3 29. Re1 Rd2 30. Rb1 f4+ 31. gxf4 exf4+ 32. Kxf4 Rxf2+ 33.
Kg3 Rd2 34. Bg2 Rd3+ 35. Kf2 Rd2+ 36. Kg3 Nc5 37. Rf1+ Ke7 38. Rf4 Rxb2 39. Rh4
a5 40. Rxh7+ Kf6 41. h4 Kg6 42. Re7 Rb3 43. Kg4 Rxc3 44. h5+ Kh6 45. Be4 Nxe4
46. Rxe6+ Kg7 47. Rxe4 Rxa3 48. Re7+ Kf6 49. Rb7 Ra4+ 50. Kf3 Kg5 51. Rxb6 Kxh5
52. Rb5+ Kg6 53. Ke2 1/2-1/2

[Event "20th European Teams Women"]
[Site "Reykjavik ISL"]
[Date "2015.11.21"]
[Round "8.15"]
[Board "2"]
[White "Srebrnic, Ana"]
[Black "De Jong-Muhren, Bianca"]
[Result "0-1"]
[WhiteTitle "WGM"]
[BlackTitle "WGM"]
[WhiteElo "2238"]
[BlackElo "2312"]
[WhiteTeam "Slovenia"]
[BlackTeam "Netherlands"]
[WhiteFideId "14603314"]
[BlackFideId "1008498"]
[EventDate "2015.11.13"]

1. d4 d5 2. Nf3 Nf6 3. c4 dxc4 4. e3 b5 5. a4 b4 6. Nbd2 e6 7. Nxc4 Be7 8. Be2
O-O 9. O-O Bb7 10. b3 Ne4 11. Qc2 c5 12. Bb2 Nd7 13. Nfe5 cxd4 14. Bxd4 Ndc5 15.
Rfd1 Qc7 16. Rac1 Rac8 17. Nd3 Nd7 18. Qb2 f6 19. Nb6 Nc3 20. Nxc8 Rxc8 21. Bxc3
bxc3 22. Qc2 Nb6 23. b4 Bd6 24. h3 Nd5 25. Qb3 Kh8 26. b5 Bh2+ 27. Kf1 Nxe3+ 28.
fxe3 Bxg2+ 29. Kxg2 Qg3+ 30. Kh1 Bg1 0-1

[Event "20th European Teams Women"]
[Site "Reykjavik ISL"]
[Date "2015.11.21"]
[Round "8.15"]
[Board "3"]
[White "Lanchava, Tea"]
[Black "Kolaric, Spela"]
[Result "1-0"]
[WhiteTitle "IM"]
[BlackTitle "WFM"]
[WhiteElo "2274"]
[BlackElo "2102"]
[WhiteTeam "Netherlands"]
[BlackTeam "Slovenia"]
[WhiteFideId "1005308"]
[BlackFideId "14607093"]
[EventDate "2015.11.13"]

1. d4 Nf6 2. Nf3 e6 3. c4 Bb4+ 4. Bd2 Qe7 5. g3 Nc6 6. Nc3 d6 7. d5 Nb8 8. Qa4+
c6 9. Qxb4 O-O 10. Bg2 c5 11. Qb3 e5 12. e4 Nbd7 13. O-O Ne8 14. Nh4 g6 15. f4
f6 16. Bh3 Ng7 17. fxe5 Nxe5 18. Bxc8 Raxc8 19. Nf3 Nf7 20. Rae1 Rce8 21. Qa4 b6
22. b4 Rc8 23. bxc5 1-0

[Event "20th European Teams Women"]
[Site "Reykjavik ISL"]
[Date "2015.11.21"]
[Round "8.15"]
[Board "4"]
[White "Hrescak, Ivana"]
[Black "Kazarian, Anna-Maja"]
[Result "0-1"]
[WhiteTitle "WFM"]
[BlackTitle "WFM"]
[WhiteElo "2145"]
[BlackElo "2255"]
[WhiteTeam "Slovenia"]
[BlackTeam "Netherlands"]
[WhiteFideId "14613441"]
[BlackFideId "1033689"]
[EventDate "2015.11.13"]

1. d4 d5 2. c4 c6 3. Nf3 Nf6 4. Nc3 e6 5. Bg5 Nbd7 6. e3 Qa5 7. Nd2 dxc4 8. Bxf6
Nxf6 9. Nxc4 Qc7 10. Rc1 b5 11. Ne5 a6 12. Be2 Bb7 13. O-O Bd6 14. f4 Rd8 15.
Qe1 Qb6 16. Nd3 c5 17. dxc5 Bxc5 18. Nxc5 Qxc5 19. Bf3 Bxf3 20. Rxf3 Qb4 21. Qe2
O-O 22. Kh1 Ne4 23. Nxe4 Qxe4 24. h3 Rd3 25. Rc5 Rfd8 26. Kh2 h6 27. Rc2 b4 28.
Rg3 g6 29. Rc5 Rd1 30. Qc2 Qxc2 31. Rxc2 R8d2 32. Rc6 Rxb2 33. Rxa6 Ra1 34. e4
b3 35. a4 Rbb1 36. Rc3 Rh1+ 37. Kg3 b2 38. Rc8+ Kg7 39. Raa8 b1=Q 40. e5 Ra3+ 0-1

[Event "20th European Teams Women"]
[Site "Reykjavik ISL"]
[Date "2015.11.22"]
[Round "9.1"]
[Board "3"]
[White "Goryachkina, Aleksandra"]
[Black "Ohme, Melanie"]
[Result "1-0"]
[WhiteTitle "WGM"]
[BlackTitle "WGM"]
[WhiteElo "2478"]
[BlackElo "2301"]
[WhiteTeam "Russia"]
[BlackTeam "Germany"]
[WhiteFideId "4147103"]
[BlackFideId "4690745"]
[EventDate "2015.11.13"]

1. d4 Nf6 2. c4 g6 3. Nc3 Bg7 4. e4 d6 5. h3 O-O 6. Be3 e5 7. d5 Na6 8. Nf3 Nh5
9. a3 Qe8 10. b4 f5 11. c5 dxc5 12. Bxa6 bxa6 13. Bxc5 Rf6 14. O-O Bb7 15. Re1
Nf4 16. Qc2 fxe4 17. Qxe4 Rf5 18. Kh2 h5 19. Nd4 Rf7 20. Rad1 Rd8 21. Nc6 Rxd5
22. Nxd5 Bxc6 23. Qc4 Nxd5 24. Rxd5 Bxd5 25. Qxd5 Qd7 26. Qb3 Kh7 27. Rd1 Qf5
28. Bxa7 Rd7 29. Rxd7 Qxd7 30. Qc4 Qd6 31. Bc5 Qc6 32. Qf7 Kh6 33. Qg8 g5 34.
Be3 Qg6 35. h4 Qc6 36. Qf7 Qg6 37. Bxg5+ Kh7 38. Qxc7 Qf5 39. Kg1 Qb1+ 40. Qc1
Qd3 41. Qe3 Qc4 42. f3 Kg8 43. Qe4 Qe6 44. a4 Bf8 45. Be3 Qd6 46. b5 1-0

[Event "20th European Teams Women"]
[Site "Reykjavik ISL"]
[Date "2015.11.22"]
[Round "9.1"]
[Board "4"]
[White "Heinemann, Josefine"]
[Black "Bodnaruk, Anastasia"]
[Result "0-1"]
[BlackTitle "IM"]
[WhiteElo "2224"]
[BlackElo "2459"]
[WhiteTeam "Germany"]
[BlackTeam "Russia"]
[WhiteFideId "12900460"]
[BlackFideId "4181751"]
[EventDate "2015.11.13"]

1. e4 c5 2. Nf3 d6 3. Bb5+ Bd7 4. Bxd7+ Qxd7 5. c4 Nf6 6. Nc3 Nc6 7. d4 cxd4 8.
Nxd4 g6 9. f3 Bg7 10. Nde2 O-O 11. O-O e6 12. Bg5 h6 13. Bh4 Rfd8 14. Qd2 g5 15.
Bg3 d5 16. cxd5 exd5 17. Rfd1 d4 18. Nb5 Nh5 19. Bf2 d3 20. Nec3 Nf4 21. Be3 Ne5
22. Na3 Ne6 23. Nd5 f5 24. Rac1 fxe4 25. fxe4 Qa4 26. Qb4 Qxb4 27. Nxb4 Ng4 28.
Nc4 Nxe3 29. Nxe3 Bd4 30. Rxd3 Nf4 31. Re1 Nxd3 32. Nxd3 Re8 33. Nf2 Rac8 34.
Nf5 Bxf2+ 35. Kxf2 Rc2+ 36. Kf3 Rxb2 37. Nxh6+ Kh7 38. Nf5 g4+ 39. Kf4 Rf2+ 40.
Kg5 Rg8+ 41. Kf6 Rxg2 42. Rd1 Rxh2 43. Rd7+ Kh8 44. Ne7 Rf2+ 45. Ke6 Rg7 46.
Rd8+ Kh7 47. Rd5 Rh2 48. Nf5 Rg6+ 49. Ke5 g3 50. Rd7+ Kh8 51. Ne7 Rg7 52. Rd8+
Kh7 53. Nf5 g2 0-1

[Event "20th European Teams Women"]
[Site "Reykjavik ISL"]
[Date "2015.11.22"]
[Round "9.2"]
[Board "2"]
[White "Newrkla, Katharina"]
[Black "Javakhishvili, Lela"]
[Result "0-1"]
[WhiteTitle "WIM"]
[BlackTitle "IM"]
[WhiteElo "2206"]
[BlackElo "2479"]
[WhiteTeam "Austria"]
[BlackTeam "Georgia"]
[WhiteFideId "1621629"]
[BlackFideId "13601458"]
[EventDate "2015.11.13"]

1. e4 c5 2. Nf3 e6 3. d3 Nc6 4. g3 Nge7 5. Bg2 g6 6. O-O Bg7 7. c3 e5 8. Be3 d6
9. Na3 O-O 10. h3 h6 11. d4 exd4 12. cxd4 d5 13. e5 Nf5 14. Nc2 cxd4 15. Bxd4
Nfxd4 16. Ncxd4 Nxe5 17. Nxe5 Bxe5 18. Qd2 h5 19. Rad1 Bg7 20. Ne2 Qb6 21. Qxd5
Be6 22. Qxb7 Qxb7 23. Bxb7 Rab8 24. Bd5 Bxh3 25. Rfe1 Rxb2 26. Nf4 Bg4 27. f3
Bf5 28. Re7 a5 29. Ra7 Bc2 30. Rd2 Bc3 31. Bxf7+ Rxf7 32. Rd8+ Rf8 33. Rxf8+
Kxf8 34. Ne6+ Ke8 35. Nc7+ Kf8 36. Ne6+ Kg8 37. Rc7 Bf6 38. g4 hxg4 39. fxg4
Rxa2 40. g5 Bf5 41. gxf6 Bxe6 42. Rg7+ Kf8 43. Rxg6 a4 0-1

[Event "20th European Teams Women"]
[Site "Reykjavik ISL"]
[Date "2015.11.22"]
[Round "9.2"]
[Board "4"]
[White "Kopinits, Anna-Christina"]
[Black "Arabidze, Meri"]
[Result "1-0"]
[WhiteTitle "WIM"]
[BlackTitle "IM"]
[WhiteElo "2231"]
[BlackElo "2408"]
[WhiteTeam "Austria"]
[BlackTeam "Georgia"]
[WhiteFideId "1614142"]
[BlackFideId "13604040"]
[EventDate "2015.11.13"]

1. e4 c5 2. Nf3 e6 3. d4 cxd4 4. Nxd4 a6 5. Be2 b5 6. Bf3 Bb7 7. e5 Qc7 8. O-O
Ne7 9. a4 b4 10. Bxb7 Qxb7 11. c4 Nbc6 12. Re1 Qc7 13. Nf3 Ng6 14. Qe2 Be7 15.
g3 O-O 16. Nbd2 Rac8 17. Rb1 f6 18. exf6 Rxf6 19. b3 Rcf8 20. Bb2 R6f7 21. Qe4
Na5 22. Ba1 Bf6 23. Bxf6 Rxf6 24. Re2 Nb7 25. Qe3 Nc5 26. Ng5 Rf5 27. Nge4 Nxe4
28. Qxe4 Re5 29. Qd3 Rg5 30. Kh1 Ne5 31. Qe4 Rgf5 32. f4 Nc6 33. Nf3 Nd8 34. Ne5
Nb7 35. Nd3 a5 36. Kg2 Nd6 37. Qe3 Rh5 38. Ne5 Nf5 39. Qe4 d6 40. Nf3 Rh6 41.
Ng5 e5 42. fxe5 Qe7 43. Nf3 dxe5 44. Qd5+ Qe6 45. Qxe5 Qc6 46. Qe4 Qc5 47. Rd1
Rhf6 48. Qd5+ Qxd5 49. cxd5 Rd6 50. Re5 g6 51. g4 Nh6 52. h3 Rfd8 53. Ng5 Nf7
54. Nxf7 Kxf7 55. Kf3 Rc8 56. Ke4 Rc2 57. Rf1+ Rf6 58. Rxf6+ Kxf6 59. g5+ Kf7
60. d6 Rd2 61. Rxa5 Rxd6 62. Rb5 Re6+ 63. Kf4 1-0

[Event "20th European Teams Women"]
[Site "Reykjavik ISL"]
[Date "2015.11.22"]
[Round "9.3"]
[Board "4"]
[White "Kazarian, Anna-Maja"]
[Black "Gaponenko, Inna"]
[Result "0-1"]
[WhiteTitle "WFM"]
[BlackTitle "IM"]
[WhiteElo "2255"]
[BlackElo "2401"]
[WhiteTeam "Netherlands"]
[BlackTeam "Ukraine"]
[WhiteFideId "1033689"]
[BlackFideId "14101181"]
[EventDate "2015.11.13"]

1. e4 c5 2. Nf3 Nc6 3. d4 cxd4 4. Nxd4 g6 5. c4 Nf6 6. Nc3 d6 7. Be2 Nxd4 8.
Qxd4 Bg7 9. Be3 O-O 10. Qd2 Be6 11. Rb1 Qa5 12. f3 Rfc8 13. b3 a6 14. Nd5 Qxd2+
15. Kxd2 Nxd5 16. exd5 Bd7 17. Rhc1 e6 18. b4 exd5 19. cxd5 Kf8 20. Rxc8+ Rxc8
21. Rc1 Rxc1 22. Kxc1 Be5 23. f4 Bc3 24. Bd2 Bd4 25. Kc2 Ba4+ 26. Kd3 Bg1 27.
Kc3 Bxh2 28. b5 axb5 29. Kb4 Bg1 30. Bxb5 Bxb5 31. Kxb5 Ke7 32. a4 h5 33. a5 Bc5
34. f5 gxf5 35. Bg5+ f6 36. Bf4 Bd4 37. Bd2 Kd7 38. a6 bxa6+ 39. Kxa6 Be5 40.
Be1 Bf4 41. Kb5 Bg5 42. Kc4 f4 43. Kd3 f3 44. gxf3 f5 45. Bg3 h4 46. Bh2 Bf6 47.
Ke3 Be5 48. f4 Bf6 49. Kf3 Kc7 50. Bg1 Kb7 51. Ke2 Ka6 52. Kd3 Kb5 53. Bf2 h3
54. Bg1 Bh4 55. Bh2 Kc5 56. Bg1+ Kxd5 57. Bh2 Bd8 58. Ke3 Kc4 59. Kf3 Bh4 60.
Bg1 d5 0-1

[Event "20th European Teams Women"]
[Site "Reykjavik ISL"]
[Date "2015.11.22"]
[Round "9.4"]
[Board "1"]
[White "Zimina, Olga"]
[Black "Socko, Monika"]
[Result "1-0"]
[WhiteTitle "IM"]
[BlackTitle "GM"]
[WhiteElo "2364"]
[BlackElo "2445"]
[WhiteTeam "Italy"]
[BlackTeam "Poland"]
[WhiteFideId "4132190"]
[BlackFideId "1106619"]
[EventDate "2015.11.13"]

1. Nf3 d5 2. c4 d4 3. e3 Nc6 4. b4 dxe3 5. fxe3 Bg4 6. Be2 a6 7. O-O Nf6 8. d4
e6 9. a3 Be7 10. Nc3 O-O 11. Bb2 Bh5 12. Qe1 Qe8 13. Qg3 Bd6 14. Qh4 Bg6 15. Nd2
Qd8 16. Rad1 Be7 17. Qf2 Bc2 18. Rc1 Bg6 19. Rfd1 Nb8 20. Bf3 c6 21. Nb3 Nbd7
22. e4 Qb8 23. e5 Ne8 24. Ne4 f5 25. Nec5 Nxc5 26. Nxc5 Bxc5 27. dxc5 Nc7 28.
Rd6 Qe8 29. Qh4 a5 30. Rcd1 axb4 31. axb4 Qc8 32. Bc3 Bf7 33. Be1 Qb8 34. Rd7
Na6 35. Qd4 Be8 36. Rd6 Bf7 37. Rd7 Be8 38. Re7 Qc8 39. Qd6 Bf7 40. Rd7 Rb8 41.
Qe7 Qe8 42. Qg5 h6 43. Qg3 Kh8 44. h4 Rg8 45. Qf2 Qf8 46. h5 Be8 47. R7d6 Nc7
48. Qd4 Ra8 49. Bh4 Ra4 50. Qc3 Na6 51. Rxe6 Bf7 52. Red6 Rxb4 53. e6 Bxe6 54.
Rxe6 Kh7 55. Re7 Ra4 56. Qd4 Ra5 57. Rxb7 Nxc5 58. Re7 Qb8 59. Qd6 Qb6 60. Bf2
Qb4 61. Re5 Qc3 62. Rxc5 Ra1 63. Rxa1 Qxa1+ 64. Kh2 Qc1 65. Rxc6 Ra8 66. Rc7 1-0

[Event "20th European Teams Women"]
[Site "Reykjavik ISL"]
[Date "2015.11.22"]
[Round "9.4"]
[Board "2"]
[White "Zawadzka, Jolanta"]
[Black "Brunello, Marina"]
[Result "1/2-1/2"]
[WhiteTitle "WGM"]
[BlackTitle "FM"]
[WhiteElo "2439"]
[BlackElo "2292"]
[WhiteTeam "Poland"]
[BlackTeam "Italy"]
[WhiteFideId "1122320"]
[BlackFideId "822590"]
[EventDate "2015.11.13"]

1. e4 c5 2. Nf3 d6 3. d4 cxd4 4. Nxd4 Nf6 5. f3 e6 6. c4 Nc6 7. Nc3 Be7 8. Be3
O-O 9. Nc2 Qa5 10. Qd2 Rd8 11. Rd1 a6 12. Be2 Qc7 13. O-O b6 14. Bf2 Bb7 15. b4
Rab8 16. a3 Ne5 17. Ne3 Re8 18. Rc1 Rbc8 19. Rfd1 Qb8 20. Qd4 Nc6 21. Qd3 Ne5
22. Qb1 Bd8 23. f4 Ng6 24. g3 Bc7 25. Bf3 Qa8 26. Qd3 h6 27. Nf1 Nd7 28. Nd2
Rcd8 29. h4 Ne7 30. Ne2 Qb8 31. Qc3 f5 32. Nd4 fxe4 33. Nxe6 Nf5 34. Nxd8 Bxd8
35. Bg4 Bf6 36. Qb3 e3 37. Bxf5 exf2+ 38. Kh2 f1=Q 39. Nxf1 Re2+ 40. Kh3 Bg2+
41. Kh2 Bb7+ 42. Kh3 Bg2+ 43. Kh2 Bb7+ 1/2-1/2

[Event "20th European Teams Women"]
[Site "Reykjavik ISL"]
[Date "2015.11.22"]
[Round "9.4"]
[Board "3"]
[White "Movileanu, Daniela"]
[Black "Rajlich, Iweta"]
[Result "0-1"]
[WhiteTitle "WFM"]
[BlackTitle "IM"]
[WhiteElo "2192"]
[BlackElo "2389"]
[WhiteTeam "Italy"]
[BlackTeam "Poland"]
[WhiteFideId "873349"]
[BlackFideId "1108166"]
[EventDate "2015.11.13"]

1. e4 e6 2. d3 c5 3. Nf3 Nc6 4. g3 b6 5. Bg2 Bb7 6. O-O d6 7. c3 Nf6 8. Qe2 Qc8
9. Na3 Be7 10. h4 Ne5 11. Nh2 h5 12. Bh3 Qc6 13. Bg5 Neg4 14. f3 Nxh2 15. Kxh2
Ba6 16. Rfd1 Qc7 17. Rac1 Nh7 18. Bxe7 Qxe7 19. f4 Nf6 20. e5 dxe5 21. fxe5 Ng4+
22. Bxg4 hxg4 23. Qxg4 O-O-O 24. Nc4 Kb8 25. Kg1 f5 26. exf6 gxf6 27. Re1 e5 28.
Re3 Rdg8 29. Qh3 Bc8 30. Qh2 Bb7 31. Rce1 Rg4 32. Kf2 Qe6 33. Nd2 Qxa2 34. R1e2
Qg8 35. Ke1 a5 36. Qf2 Ka7 37. Qxf6 Rxg3 38. Rxg3 Qxg3+ 39. Kd1 Rxh4 40. Qxe5
Qxd3 41. Re1 Ra4 0-1

[Event "20th European Teams Women"]
[Site "Reykjavik ISL"]
[Date "2015.11.22"]
[Round "9.4"]
[Board "4"]
[White "Szczepkowska-Horowska, Karina"]
[Black "Santeramo, Alessia"]
[Result "1/2-1/2"]
[WhiteTitle "WGM"]
[BlackTitle "WFM"]
[WhiteElo "2392"]
[BlackElo "2041"]
[WhiteTeam "Poland"]
[BlackTeam "Italy"]
[WhiteFideId "1122681"]
[BlackFideId "850810"]
[EventDate "2015.11.13"]

1. d4 d5 2. c4 dxc4 3. e3 e5 4. Bxc4 exd4 5. exd4 Nf6 6. Nf3 Bd6 7. O-O O-O 8.
h3 h6 9. Nc3 Nc6 10. Be3 Bf5 11. d5 Ne5 12. Nxe5 Bxe5 13. Qf3 Bg6 14. Bc5 Re8
15. Bb5 Nd7 16. Be3 a6 17. Ba4 b5 18. Bb3 Qf6 19. Qxf6 Nxf6 20. Rac1 Rad8 21.
Rfd1 Rd7 22. a3 Red8 23. f3 Bxc3 24. Rxc3 Nxd5 25. Rxd5 Rxd5 26. Bxd5 Rxd5 27.
Rxc7 a5 28. Kf2 a4 29. Rb7 Bd3 30. Bd2 Bc4 31. Bc3 Rd6 32. Rb8+ Kh7 33. f4 Rd1
34. Re8 Rf1+ 35. Kg3 Be6 36. Rd8 Bb3 37. Rc8 Bc4 38. Rc5 Rd1 39. Re5 Rd5 40. Re1
Bb3 41. Kf3 Rd7 42. f5 Rd1 43. Rxd1 Bxd1+ 1/2-1/2

[Event "20th European Teams Women"]
[Site "Reykjavik ISL"]
[Date "2015.11.22"]
[Round "9.5"]
[Board "2"]
[White "Skripchenko, Almira"]
[Black "Chelushkina, Irina"]
[Result "1-0"]
[WhiteTitle "IM"]
[BlackTitle "WGM"]
[WhiteElo "2443"]
[BlackElo "2271"]
[WhiteTeam "France"]
[BlackTeam "Serbia"]
[WhiteFideId "13900145"]
[BlackFideId "928615"]
[EventDate "2015.11.13"]

1. e4 c5 2. b3 Nc6 3. Bb2 e5 4. Bc4 Nf6 5. d3 d5 6. exd5 Nxd5 7. Bb5 Qa5+ 8. Nc3
Bd7 9. Ne2 Nc7 10. a4 O-O-O 11. O-O Nd4 12. Bxd7+ Rxd7 13. f4 Bd6 14. Kh1 exf4
15. Nxf4 Re8 16. Nb5 Be5 17. b4 cxb4 18. Nxd4 Bxd4 19. Bxd4 Rxd4 20. Qg4+ Ne6
21. Qh3 Qc7 22. Nxe6 Rxe6 23. Rae1 Rf4 24. Rg1 Qe7 25. Rxe6 Qxe6 26. Qxh7 g6 27.
Qh6 Qf6 28. Qf8+ Kd7 29. Qb8 Kc6 30. Qxa7 Rf2 31. a5 Kc7 32. Qc5+ Kb8 33. Qf8+
Ka7 34. Qc5+ Kb8 35. Qxb4 Rxc2 36. h3 Ka7 37. Qe4 Qc6 38. Qd4+ Qc5 39. Qd7 f5
40. a6 Qc6 41. Qxb7+ Qxb7 42. axb7 Kxb7 43. Re1 Rc6 44. Kg1 Rd6 45. Re3 Kc6 46.
Kf2 Kd5 47. h4 Kd4 48. Kf3 Ra6 49. Kf4 Ra4 50. Rg3 Kd5+ 51. Kg5 Ke5 52. Re3+ Kd4
53. Re6 Kd5 54. Rxg6 Ke5 55. h5 Rg4+ 56. Kh6 Rh4 57. Rg8 Kf6 58. Rg6+ Ke5 59. g3
Rd4 60. Kg7 Rd7+ 61. Kf8 f4 62. gxf4+ Kf5 63. Rg7 Rd6 64. Rf7+ Kg4 65. Ke7 Rh6
66. d4 Rxh5 67. Ke6 1-0

[Event "20th European Teams Women"]
[Site "Reykjavik ISL"]
[Date "2015.11.22"]
[Round "9.5"]
[Board "3"]
[White "Velikic, Adela"]
[Black "Guichard, Pauline"]
[Result "0-1"]
[BlackTitle "WGM"]
[WhiteElo "2322"]
[BlackElo "2338"]
[WhiteTeam "Serbia"]
[BlackTeam "France"]
[WhiteFideId "913553"]
[BlackFideId "639370"]
[EventDate "2015.11.13"]

1. d4 Nf6 2. Nf3 e6 3. e3 b6 4. Bd3 Bb7 5. O-O Be7 6. c4 d5 7. Nc3 O-O 8. b3
Nbd7 9. Bb2 c5 10. Qe2 Re8 11. Rfd1 Rc8 12. Rac1 Qc7 13. Nb5 Qb8 14. Ne5 Nxe5
15. dxe5 Nd7 16. cxd5 Bxd5 17. Nd6 Bxd6 18. exd6 Bc6 19. b4 Rcd8 20. Ba3 h6 21.
Bb1 Qb7 22. b5 Bxg2 23. e4 Bh3 24. Rc3 e5 25. Rxh3 Nf6 26. Bc1 Qd7 27. Rg3 Kh8
28. Qf3 Re6 29. Qd3 Nh5 30. Rf3 Rxd6 31. Kf1 Qg4 32. h3 Rxd3 33. Rdxd3 Qc8 34.
Ke2 Rd4 35. Rxf7 Rxd3 36. Bxd3 c4 37. Bc2 Qxh3 38. Be3 Qg4+ 39. Kd2 Nf6 40. Rxa7
Nxe4+ 41. Kc1 g5 42. Ra8+ Kg7 43. Ra7+ Kg8 44. Ra8+ Kf7 45. Ra7+ Ke6 46. Kb2 Nd6
47. a4 Qe2 48. Rc7 Nf5 49. Bxb6 Nd4 50. Rc6+ Kd5 51. Rc5+ Kd6 52. Rc6+ Nxc6 53.
bxc6 Kxc6 54. a5 Qd2 55. Kb1 Qe1+ 56. Ka2 Kb5 57. Bf5 Qd2+ 0-1

[Event "20th European Teams Women"]
[Site "Reykjavik ISL"]
[Date "2015.11.22"]
[Round "9.5"]
[Board "4"]
[White "Collas, Silvia"]
[Black "Zarkovic, Mila"]
[Result "1-0"]
[WhiteTitle "IM"]
[BlackTitle "WIM"]
[WhiteElo "2319"]
[BlackElo "2179"]
[WhiteTeam "France"]
[BlackTeam "Serbia"]
[WhiteFideId "2902265"]
[BlackFideId "900451"]
[EventDate "2015.11.13"]

1. c4 Nf6 2. g3 e6 3. Bg2 d5 4. Nf3 dxc4 5. Qa4+ Nbd7 6. Qxc4 c5 7. O-O a6 8.
Qb3 Rb8 9. d4 Bd6 10. Rd1 O-O 11. Nc3 Qe7 12. a4 Rd8 13. Qc2 h6 14. h3 Nd5 15.
Ne4 cxd4 16. Nxd6 Qxd6 17. Rxd4 Qe7 18. Qd1 Re8 19. Bd2 Qf6 20. e4 Ne5 21. Nxe5
Qxe5 22. Bc1 Nc7 23. Bf4 1-0

[Event "20th European Teams Women"]
[Site "Reykjavik ISL"]
[Date "2015.11.22"]
[Round "9.6"]
[Board "1"]
[White "Botsari, Anna-Maria"]
[Black "Vega Gutierrez, Sabrina"]
[Result "1/2-1/2"]
[WhiteTitle "WGM"]
[BlackTitle "IM"]
[WhiteElo "2324"]
[BlackElo "2392"]
[WhiteTeam "Greece"]
[BlackTeam "Spain"]
[WhiteFideId "4200446"]
[BlackFideId "2219026"]
[EventDate "2015.11.13"]

1. d4 Nf6 2. c4 g6 3. Nf3 Bg7 4. e3 O-O 5. Be2 d6 6. Nc3 Nfd7 7. Qc2 Nc6 8. O-O
e5 9. Rd1 f5 10. d5 Nb4 11. Qb1 g5 12. a3 Na6 13. b4 g4 14. Nd2 Qh4 15. g3 Qh3
16. Bf1 Qh5 17. Bb2 Rf6 18. Bg2 f4 19. exf4 exf4 20. gxf4 Rxf4 21. Ne2 Rf8 22.
Bxg7 Kxg7 23. Ng3 Qf7 24. f4 Nf6 25. Re1 Bd7 26. Qb2 Kg8 27. Re3 Rae8 28. Rae1
Rxe3 29. Rxe3 h5 30. Ne2 h4 31. Ne4 Nxe4 32. Rxe4 Bf5 33. Re3 Nb8 34. Qd4 b6 35.
Be4 Nd7 36. Bxf5 Qxf5 37. Re7 Ne5 38. Qc3 h3 39. Rxc7 Qe4 40. Kf2 Nd3+ 41. Kg3
Ne5 42. Kf2 Qg2+ 43. Ke3 Re8 44. fxe5 Rxe5+ 45. Qxe5 dxe5 46. d6 Qf3+ 47. Kd2
Qf8 48. c5 bxc5 49. bxc5 Qb8 50. Kc3 a5 51. Kc4 a4 52. Kd5 Kf8 53. Ng3 Ke8 54.
Nh5 Qb3+ 55. Kc6 Qf3+ 56. Kb6 Kd8 57. Rg7 Qb3+ 58. Kc6 Qf3+ 59. Kb6 Qb3+ 60. Kc6
Qf3+ 1/2-1/2